[Event "GRE-chT 37th"]
[Site "Kallithea"]
[Date "2009.07.05"]
[Round "3"]
[White "Papathanasiou, Aggeliki"]
[Black "Hristodoulaki, Antonia"]
[Result "1-0"]
[WhiteElo "1891"]
[BlackElo "1885"]
[PlyCount "97"]
[EventDate "2009.07.03"]
[EventType "team-tourn"]
[EventRounds "9"]
[EventCountry "GRE"]
[SourceTitle "CBM 131 Extra"]
[Source "ChessBase"]
[SourceDate "2009.09.03"]
[SourceVersion "2"]
[SourceVersionDate "2009.09.16"]
[SourceQuality "1"]

1. d4 d5 2. c4 e6 3. Nc3 Nf6 4. cxd5 exd5 5. Bg5 Be7 6. e3 Bf5 7. Qb3 Nc6 8. Bxf6 gxf6 9. Qxd5 Qxd5 10. Nxd5 0-0-0 11. Nxe7+ Nxe7 12. Bc4 Bg6 13. Ne2 Nc6 14. a3 Rhe8 15. h4 Bh5 16. Nf4 Rxd4 17. Nxh5 Rxc4 18. Nxf6 Rh8 19. g3 Ne5 20. 0-0 h5 21. Rac1 Ra4 22. Rfd1 Rh6 23. Nd5 c6 24. Nf4 Rc4 25. Kf1 Kc7 26. Ke2 Rxc1 27. Rxc1 Ng6 28. Nxg6 Rxg6 29. Rc5 Rh6 30. Rf5 f6 31. Kd3 Kd6 32. Kd4 b6 33. a4 a6 34. Kc4 Ke6 35. e4 Rh7 36. a5 Rb7 37. b4 bxa5 38. bxa5 Rb5 39. Rxb5 cxb5+ 40. Kc5 Ke5 41. f3 f5 42. exf5 Kxf5 43. g4+ hxg4 44. fxg4+ Kxg4 45. Kb6 Kxh4 46. Kxa6 Kg5 47. Kxb5 Kf6 48. Kc6 Ke7 49. Kc7 1-0

[Event "GRE-chT 37th"]
[Site "Kallithea"]
[Date "2009.07.05"]
[Round "4"]
[White "Spirou, Marina"]
[Black "Papathanasiou, Aggeliki"]
[Result "0-1"]
[WhiteElo "1791"]
[BlackElo "1891"]
[PlyCount "92"]
[EventDate "2009.07.03"]
[EventType "team-tourn"]
[EventRounds "9"]
[EventCountry "GRE"]
[SourceTitle "CBM 131 Extra"]
[Source "ChessBase"]
[SourceDate "2009.09.03"]
[SourceVersion "2"]
[SourceVersionDate "2009.09.16"]
[SourceQuality "1"]

1. e4 c5 2. Nf3 Nc6 3. d4 cxd4 4. Nxd4 g6 5. Nc3 Bg7 6. Be3 Nf6 7. f3 0-0 8. Bc4 Qb6 9. Qd2 Nxe4 10. fxe4 Bxd4 11. Bxd4 Qxd4 12. Qe2 a6 13. a4 d6 14. Rd1 Qb6 15. Nd5 Qxb2 16. 0-0 Be6 17. Qf2 Bxd5 18. Bxd5 Qg7 19. Qb6 Nd8 20. Qc7 e6 21. Bb3 Qe5 22. Rxd6 Qxe4 23. Rfd1 b5 24. axb5 axb5 25. Qb6 Nb7 26. Rd7 Na5 27. Qxb5 Nxb3 28. cxb3 Ra2 29. Qf1 Qe3+ 30. Kh1 Qxb3 31. Rb1 Qa4 32. Rbd1 Ra1 33. Rxa1 Qxd7 34. Qf6 Qd2 35. Rf1 Qd5 36. h3 e5 37. Re1 e4 38. Qf4 Re8 39. Qe3 Qe5 40. g3 f5 41. Rc1 Rd8 42. Rc3 Qd4 43. Qxd4 Rxd4 44. Kg2 Rd2+ 45. Kg1 Kg7 46. Re3 Kf6 0-1

[Event "GRE-ch U14 Girls"]
[Site "Kallithea"]
[Date "2009.07.01"]
[Round "7"]
[White "Papathanasiou, Aggeliki"]
[Black "Drakaki, Anna Maria"]
[Result "1-0"]
[WhiteElo "1906"]
[BlackElo "1601"]
[PlyCount "57"]
[EventDate "2009.06.25"]
[EventType "swiss"]
[EventRounds "9"]
[EventCountry "GRE"]
[SourceTitle "EXT 2011"]
[Source "ChessBase"]
[SourceDate "2010.11.26"]
[SourceVersion "1"]
[SourceVersionDate "2010.11.26"]
[SourceQuality "1"]

1. c4 Nf6 2. Nf3 g6 3. Nc3 Bg7 4. d4 e6 5. g3 c5 6. d5 exd5 7. cxd5 d6 8. Bg2 0-0 9. 0-0 Re8 10. Nd2 b6 11. Nc4 Ba6 12. Qa4 Bxc4 13. Qxc4 Nbd7 14. Bf4 Ne5 15. Qb3 Nh5 16. Bd2 a6 17. a4 Qe7 18. h3 Rab8 19. g4 Nf6 20. Bf4 Rb7 21. Bg3 b5 22. axb5 axb5 23. Qc2 b4 24. Ne4 Nxe4 25. Qxe4 Ra7 26. Rxa7 Qxa7 27. f4 f5 28. Qe3 fxg4 29. hxg4 1-0

[Event "GRE-ch U14 Girls"]
[Site "Kallithea"]
[Date "2009.06.26"]
[Round "2"]
[White "Anastasopoulou, Andrianna"]
[Black "Papathanasiou, Aggeliki"]
[Result "1/2-1/2"]
[WhiteElo "1668"]
[BlackElo "1906"]
[PlyCount "101"]
[EventDate "2009.06.25"]
[EventType "swiss"]
[EventRounds "9"]
[EventCountry "GRE"]
[SourceTitle "EXT 2011"]
[Source "ChessBase"]
[SourceDate "2010.11.26"]
[SourceVersion "1"]
[SourceVersionDate "2010.11.26"]
[SourceQuality "1"]

1. d4 d5 2. Bf4 Nf6 3. e3 c6 4. c4 Bf5 5. Nc3 e6 6. Nf3 Bd6 7. Bxd6 Qxd6 8. Be2 0-0 9. 0-0 Nbd7 10. a3 Rad8 11. Rc1 e5 12. dxe5 Nxe5 13. cxd5 Nxd5 14. Nxd5 Qxd5 15. Qxd5 Rxd5 16. Nxe5 Rxe5 17. Rfd1 Rc8 18. Bd3 Be6 19. Bc4 Bf5 20. Bd3 Be6 21. Bc4 Kf8 22. Bxe6 Rxe6 23. Kf1 Ree8 24. Rd3 Red8 25. Rcd1 Ke7 26. Ke2 Rxd3 27. Rxd3 Rd8 28. Rxd8 Kxd8 29. Kd3 Kd7 30. e4 c5 31. Kc4 Kc6 32. f4 b5+ 33. Kc3 a6 34. Kb3 Kd6 35. Kc3 Ke6 36. Kd3 Kf6 37. g3 g5 38. a4 gxf4 39. gxf4 Kg6 40. axb5 axb5 41. Ke3 Kf6 42. Kd2 Ke6 43. Kc3 Kd6 44. Kd3 Kc6 45. Kc3 Kb6 46. Kd3 Kc6 47. Kc3 Kd6 48. Kd3 Ke6 49. Kc3 Kf6 50. Kd3 Kg6 51. Ke3 1/2-1/2

[Event "World Amateur-ch"]
[Site "Thessaloniki"]
[Date "2009.05.01"]
[Round "7"]
[White "Paouris, Nikolaos"]
[Black "Papathanasiou, Aggeliki"]
[Result "1/2-1/2"]
[WhiteElo "1867"]
[BlackElo "1906"]
[PlyCount "53"]
[EventDate "2009.04.27"]
[EventType "swiss"]
[EventRounds "9"]
[EventCountry "GRE"]
[SourceTitle "CBM 130 Extra"]
[Source "ChessBase"]
[SourceDate "2009.07.02"]
[SourceVersion "2"]
[SourceVersionDate "2009.07.15"]
[SourceQuality "1"]

1. e4 c5 2. Nf3 e6 3. d4 cxd4 4. Nxd4 Nf6 5. Nc3 d6 6. g3 Be7 7. Bg2 0-0 8. 0-0 a6 9. f4 Qc7 10. g4 Nc6 11. Nxc6 bxc6 12. g5 Nd7 13. f5 d5 14. f6 Bd6 15. fxg7 Bxh2+ 16. Kh1 Kxg7 17. Qh5 Be5 18. Rf3 Nc5 19. g6 hxg6 20. Qh6+ Kg8 21. Rh3 Re8 22. Qh7+ Kf8 23. Bh6+ Ke7 24. Rf1 Kd8 25. Rxf7 Bd7 26. Qxg6 Kc8 27. Bg7 1/2-1/2